LIBRARY & INFORMATION CENTRE, KCAET, TAVANUR

ONLINE PUBLIC ACCESS CATALOGUE (OPAC)

Basic nuclear physics and cosmic rays / (Record no. 7449)

MARC details
000 -LEADER
fixed length control field 00474cam a2200181ua 4500
041 ## - LANGUAGE CODE
Language code of text/sound track or separate title eng
082 ## - DEWEY DECIMAL CLASSIFICATION NUMBER
Classification number 539.7
Item number BHO/BA
100 ## - MAIN ENTRY--AUTHOR NAME
Personal name Bhoop Narayanan, Srivastava .
245 ## - TITLE STATEMENT
Title Basic nuclear physics and cosmic rays /
250 ## - EDITION STATEMENT
Edition statement 8 /
260 ## - PUBLICATION, DISTRIBUTION, ETC. (IMPRINT)
Place of publication Meerut :
Name of publisher Pragati Prakashan ,
Year of publication 1990.
300 ## - PHYSICAL DESCRIPTION
Number of Pages 587 ; .
942 ## - ADDED ENTRY ELEMENTS (KOHA)
Koha item type Books
Holdings
Withdrawn status Lost status Damaged status Home library Current library Date acquired Full call number Accession Number Koha item type
      KAUAET KAUAET 07/04/2012 539.7 BHO/BA 17767 Books
free website counter